000 00525nam a2200157Ia 4500
003 GCL
005 20240530102937.0
008 140319s9999 xx 000 0 ara d
040 _aGCL /
_cGCL
082 0 4 _a370.19
_bم و
100 _aمحمد سمير حسانين
245 1 0 _aالوجيز فى تاريخ التربية : من عهد أدم عليه السلام الى العصور الوسطى /
_cمحمد سمير حسانين
260 _a[S.N] :
_bلا يوجد ،
_c1990
300 _a240 ص
942 _2ddc
_cBK
999 _c35552
_d35552